Cultura y letras nacionales en Alfonso Reyes : polémicas /
Guardado en:
| Autor principal: | |
|---|---|
| Formato: | Desconocido |
| Lenguaje: | Spanish |
| Materias: | |
| Etiquetas: |
Agregar Etiqueta
Sin Etiquetas, Sea el primero en etiquetar este registro!
|
MARC
| LEADER | 000000000a22000000004500 | ||
|---|---|---|---|
| 001 | 002410 | ||
| 041 | 0 | |a spa | |
| 100 | 1 | |a Rangel Guerra, Alfonso | |
| 245 | 1 | 0 | |a Cultura y letras nacionales en Alfonso Reyes : |b polémicas / |c Alfonso Rangel Guerra. |
| 310 | |a trimestral | ||
| 650 | 4 | |a REYES, ALFONSO, 1889-1959 | |
| 773 | 0 | |x 008-7157 |d La Habana, Cuba : Casa de las Américas |t Casa de las Américas |g número 140 (2005), páginas 20-32 | |
| 942 | |c ARC | ||
| 999 | |c 9898 |d 9898 | ||
